Vplyv priamych zahraničných investícií na prekonávanie regionálnych disparít po vstupe Slovenska do EÚ
Analýza vývoja jednotlivých regiónov Slovenska z hľadiska ekonomického rastu a prílevu PZI. Článok naznačuje, ako ovplyvnil vývoj niektorých regiónov masívny vstup zahraničného investora, ako sa zvýšil ekonomický rast a HDP a znížila nezamestnanosť.
Gespeichert in:
| 1. Verfasser: | |
|---|---|
| Weitere Verfasser: | |
| Format: | Buchkapitel |
| Sprache: | Slowakisch |
| Schlagworte: | |
| Tags: |
Keine Tags, Fügen Sie das erste Tag hinzu!
|
MARC
| LEADER | 00000naa a2200000 4500 | ||
|---|---|---|---|
| 001 | 0148120 | ||
| 005 | 20231018092518.1 | ||
| 041 | 0 | |a slo | |
| 044 | |a SK | ||
| 245 | 1 | 0 | |a Vplyv priamych zahraničných investícií na prekonávanie regionálnych disparít po vstupe Slovenska do EÚ |c Judita Táncošová, Silvia Švecová |
| 520 | |a Analýza vývoja jednotlivých regiónov Slovenska z hľadiska ekonomického rastu a prílevu PZI. Článok naznačuje, ako ovplyvnil vývoj niektorých regiónov masívny vstup zahraničného investora, ako sa zvýšil ekonomický rast a HDP a znížila nezamestnanosť. | ||
| 610 | 2 | 0 | |a investície zahraničné |
| 610 | 2 | 0 | |a investície priame zahraničné |
| 610 | 2 | 0 | |a vývoj hospodársky |
| 610 | 2 | 0 | |a regióny |
| 610 | 2 | 0 | |a disparita |
| 610 | 2 | 0 | |a Slovensko |
| 610 | 2 | 0 | |a zamestnanosť |
| 100 | 1 | |a Táncošová, Judita | |
| 700 | 1 | |a Švecová, Silvia | |